Diseño de un sistema para la mejora de la planeación de requerimientos y control de inventarios de la empresa Neón Nieto
Guardado en:
| Hovedforfatter: | |
|---|---|
| Andre forfattere: | , , |
| Format: | Bog |
| Sprog: | Spanish |
| Udgivet: |
[San José, Costa Rica]
2017
|
| Fag: | |
| Tags: |
Tilføj Tag
Ingen Tags, Vær først til at tagge denne postø!
|
MARC
| LEADER | 00000nam a22000007a 4500 | ||
|---|---|---|---|
| 003 | 012543 | ||
| 005 | 20240209093045.0 | ||
| 008 | 170224b2017 cr a|||| m||| 00| ||spa d | ||
| 040 | |c cru CEDI | ||
| 090 | |a TFG 7694 | ||
| 100 | |a Alegría Bermúdez, Carlos, 1982- |9 2384 | ||
| 245 | |a Diseño de un sistema para la mejora de la planeación de requerimientos y control de inventarios de la empresa Neón Nieto | ||
| 260 | |a [San José, Costa Rica] |c 2017 | ||
| 300 | |a xiii,126[99]jhojas ; ilustraciones | ||
| 500 | |a Proyecto de graduación (licenciatura en ingeniería industrial)--Universidad de Costa Rica. Facultad de Ingeniería. Escuela de Ingeniería Industrial | ||
| 501 | |a Directora de Proyecto de Graduación: Inga. Paola Gamboa Hernández | ||
| 650 | |x CONTROL DE INVENTARIOS |x PLANIFICACION EMPRESARIAL |x MEJORA DE LA PRODUCCION |x PLANIFICACION DE LA PRODUCCION |x PROGRAMACION DE LA PRODUCCION |x PLANTA CENTRAL DE NEON NIETO |9 6732 | ||
| 700 | |a López Murillo, Juan Luis, 1962- |9 2385 | ||
| 700 | |9 6731 |a Ulloa Valverde, Jorge | ||
| 700 | |a Gamboa Hernández, Paola, 1979- |d Directora del TFG |9 307 | ||
| 942 | |c TFG |h TFG 7694 |i 012543 |6 TFG_7694_012543000000000 | ||
| 999 | |c 17660 |d 17660 | ||
